00390nam a22001217a 4500008004100000040005500041080002900096245006500125260003900190300001100229650001500240653001300255230510b |||||||| |||| 00| 0 eng d aNational Science LibrarycNational Science Library aR 061.22.021:54(420)bJ3 aChemical society list of fellows corrected to September 1952 aLondon: bBurlington House, c1953 a242p.  aChemistry  aSociety